[Event "Mazowiec-chT op 1819"]
[Site "Warsaw"]
[Date "2018.12.09"]
[Round "4.13"]
[White "Zychowicz, Marcin"]
[Black "Wesolek, Krzysztof"]
[Result "1-0"]
[WhiteElo "1833"]
[BlackElo "1334"]
[PlyCount "117"]
[EventDate "2018.12.02"]
[EventType "team-swiss"]
[EventRounds "10"]
[EventCountry "POL"]
[SourceTitle "EXT 2020"]
[Source "ChessBase"]
[SourceDate "2019.10.17"]
[SourceVersion "1"]
[SourceVersionDate "2019.10.17"]
[SourceQuality "1"]

1. d4 d5 2. c4 e6 3. Nc3 Nf6 4. Bg5 Be7 5. Nf3 Nc6 6. e3 0-0 7. cxd5 exd5 8. Bd3 Bg4 9. Rc1 a6 10. 0-0 h6 11. Bh4 Ne4 12. Bxe7 Nxc3 13. bxc3 Qxe7 14. Qb3 Bxf3 15. gxf3 Qg5+ 16. Kh1 Rab8 17. Rg1 Qh5 18. Rg3 Ne7 19. Rcg1 Ng6 20. Qc2 Kh8 21. f4 Nh4 22. Rh3 Rbe8 23. Qb2 g5 24. fxg5 hxg5 25. Be2 Qh6 26. f4 f6 27. Qxb7 Rb8 28. Qxd5 Rb2 29. fxg5 fxg5 30. Qxg5 Qxg5 31. Rxg5 Rb1+ 32. Rg1 Rxg1+ 33. Kxg1 Rg8+ 34. Kf1 Rf8+ 35. Ke1 Re8 36. Rxh4+ Kg7 37. Kd2 Rb8 38. Kc2 Re8 39. e4 a5 40. Bd3 a4 41. Bb5 Rd8 42. Bxa4 Kf7 43. Rh7+ Ke6 44. Rxc7 Rh8 45. h3 Kd6 46. Rd7+ Ke6 47. Rg7 Rh4 48. e5 Rh8 49. Rg3 Rh4 50. Rf3 Rh8 51. Bb3+ Ke7 52. Kd3 Rh6 53. d5 Ra6 54. Kc4 Ke8 55. Kb5 Ra7 56. Rg3 Rb7+ 57. Kc6 Rh7 58. d6 Rh8 59. Rg8+ 1-0

[Event "POL-chT 2nd League"]
[Site "Jastrzebia Gora"]
[Date "2018.09.09"]
[Round "9.8"]
[White "Zychowicz, Marcin"]
[Black "Stachowiak, Slawomir"]
[Result "1-0"]
[WhiteElo "1863"]
[BlackElo "1871"]
[PlyCount "97"]
[EventDate "2018.09.01"]
[EventType "team-swiss"]
[EventRounds "9"]
[EventCountry "POL"]
[SourceTitle "CBM 186 Extra"]
[Source "ChessBase"]
[SourceDate "2018.08.24"]
[SourceVersion "1"]
[SourceVersionDate "2018.08.24"]
[SourceQuality "1"]
[WhiteTeam "Minsk Mazowiecki MTSz"]
[BlackTeam "Steszew Lipno"]
[WhiteTeamCountry "POL"]
[BlackTeamCountry "POL"]

1. e4 e5 2. Nf3 Nc6 3. Bb5 a6 4. Ba4 Be7 5. Nc3 b5 6. Bb3 Nf6 7. d3 d6 8. a4 Rb8 9. axb5 axb5 10. Be3 0-0 11. h3 Bd7 12. Qd2 Nb4 13. Ne2 c5 14. g4 Qc7 15. Bg5 Ra8 16. Rc1 Ra7 17. Ng3 Be6 18. Nf5 Bxb3 19. cxb3 Nc6 20. b4 Nxb4 21. Bh6 Ne8 22. Ng5 Bf6 23. Nxh7 Kxh7 24. g5 gxh6 25. gxf6 Nxd3+ 26. Qxd3 Qd8 27. Rg1 Qxf6 28. Qxb5 Qd8 29. Rg4 Qa5+ 30. Qxa5 Rxa5 31. Rh4 f6 32. Kd2 Ra7 33. Rg1 Ng7 34. Rxh6+ Kg8 35. Rhg6 Rff7 36. Nh6+ Kh8 37. Nxf7+ Rxf7 38. Rh6+ Kg8 39. Rgg6 f5 40. Rxd6 fxe4 41. Rd8+ Rf8 42. Rh8+ Kxh8 43. Rxf8+ Kh7 44. Ke3 Ne6 45. Re8 Nf4 46. Kxe4 Kg6 47. Rxe5 Nxh3 48. Ke3 c4 49. f4 1-0

[Event "POL-chT 2nd League"]
[Site "Jastrzebia Gora"]
[Date "2018.09.07"]
[Round "8.8"]
[White "Koloczek, Maciej"]
[Black "Zychowicz, Marcin"]
[Result "0-1"]
[WhiteElo "1677"]
[BlackElo "1863"]
[PlyCount "50"]
[EventDate "2018.09.01"]
[EventType "team-swiss"]
[EventRounds "9"]
[EventCountry "POL"]
[SourceTitle "CBM 186 Extra"]
[Source "ChessBase"]
[SourceDate "2018.08.24"]
[SourceVersion "1"]
[SourceVersionDate "2018.08.24"]
[SourceQuality "1"]
[WhiteTeam "Jastrzebie Zdroj Pionier"]
[BlackTeam "Minsk Mazowiecki MTSz"]
[WhiteTeamCountry "POL"]
[BlackTeamCountry "POL"]

1. e4 c5 2. Nf3 d6 3. d4 cxd4 4. Nxd4 Nf6 5. Nc3 e5 6. Nb3 Be6 7. Be2 Be7 8. 0-0 0-0 9. Be3 a5 10. Nd2 Nbd7 11. f3 Nb6 12. Bf2 Rc8 13. Bd3 d5 14. exd5 Nfxd5 15. Nxd5 Nxd5 16. Be4 f5 17. Bxd5 Qxd5 18. c3 Rfd8 19. Nb3 Qb5 20. Qc2 Bc4 21. Rfd1 Bd3 22. Qc1 a4 23. Nd2 Be2 24. Re1 Bg5 25. c4 Rxc4 0-1

[Event "POL-chT 2nd League"]
[Site "Szklarska Poreba"]
[Date "2017.09.07"]
[Round "6.14"]
[White "Zychowicz, Marcin"]
[Black "Zawierucha, Aleksander"]
[Result "1/2-1/2"]
[WhiteElo "1857"]
[BlackElo "1907"]
[PlyCount "108"]
[EventDate "2017.09.02"]
[EventType "team-swiss"]
[EventRounds "9"]
[EventCountry "POL"]
[SourceTitle "CBM 180 Extra"]
[Source "ChessBase"]
[SourceDate "2017.10.06"]
[SourceVersion "1"]
[SourceVersionDate "2017.10.06"]
[SourceQuality "1"]
[WhiteTeam "Minsk Mazowiecki MTSz"]
[BlackTeam "Roszada Zory"]
[WhiteTeamCountry "POL"]
[BlackTeamCountry "POL"]

1. e4 Nf6 2. e5 Nd5 3. d4 d6 4. c4 Nb6 5. exd6 exd6 6. Nc3 Be7 7. Bd3 Nc6 8. Nge2 Bg4 9. Be3 Bf6 10. f3 Bh4+ 11. Ng3 Bh5 12. 0-0 Bg6 13. b3 0-0 14. Nf5 Bf6 15. Be4 Re8 16. Re1 Bxf5 17. Bxf5 Rxe3 18. Rxe3 Bxd4 19. Qd2 Qg5 20. Rae1 Bxe3+ 21. Qxe3 Qxe3+ 22. Rxe3 g6 23. Bh3 a6 24. f4 Kf8 25. g3 Re8 26. Rxe8+ Kxe8 27. Bg2 Kd7 28. Kf2 Nd8 29. Ke3 c6 30. g4 f6 31. h4 h6 32. Be4 g5 33. fxg5 fxg5 34. hxg5 hxg5 35. Bf5+ Ke7 36. Ne4 d5 37. cxd5 Nxd5+ 38. Kd4 Nf7 39. Bc8 Nd6 40. Nxd6 Kxd6 41. Bxb7 c5+ 42. Ke4 Nc3+ 43. Kf5 Nxa2 44. Bxa6 Ke7 45. Bc4 Kf8 46. Kxg5 Kg7 47. Kf5 Nc1 48. Kg5 Na2 49. Be6 Nc1 50. Kf5 Na2 51. Ke5 Nc1 52. Kd6 Kf6 53. Kxc5 Kxe6 54. b4 Nd3+ 1/2-1/2

[Event "Mazowiec-chT op 1516"]
[Site "Poland"]
[Date "2016.02.21"]
[Round "10.16"]
[White "Zbrzeski, Piotr"]
[Black "Zychowicz, Marcin"]
[Result "0-1"]
[WhiteElo "1786"]
[BlackElo "1837"]
[PlyCount "84"]
[EventDate "2015.11.29"]
[EventType "team-tourn"]
[EventRounds "10"]
[EventCountry "POL"]
[SourceTitle "EXT 2019"]
[Source "ChessBase"]
[SourceDate "2018.10.10"]
[SourceVersion "1"]
[SourceVersionDate "2018.10.10"]
[SourceQuality "1"]

1. d4 Nf6 2. c4 e6 3. Nf3 c5 4. g3 cxd4 5. Nxd4 Bc5 6. Bg2 Nc6 7. Nxc6 bxc6 8. 0-0 0-0 9. b3 d5 10. Ba3 Bxa3 11. Nxa3 Ba6 12. Qd2 Qb6 13. Rac1 c5 14. Rfe1 Rfd8 15. Qc3 Rac8 16. e3 h6 17. Red1 Bb7 18. Qe5 Qa5 19. Qb2 Ba6 20. cxd5 exd5 21. Nb1 d4 22. Bh3 Rc7 23. exd4 cxd4 24. Rxc7 Qxc7 25. Bg2 d3 26. Qd2 Rc8 27. Bh3 Ne4 28. Qe1 Ng5 29. Bg2 Qc2 30. h4 Ne6 31. Rd2 Qc1 32. Rd1 Qb2 33. Qa5 Rc1 34. Qe1 Rxd1 35. Qxd1 Qe2 36. Bf3 Qxa2 37. Nc3 Qc2 38. Qa1 Nd4 39. Bd1 Qd2 40. Kg2 Bb7+ 41. Kf1 Nc2 42. Bxc2 dxc2 0-1

[Event "Mazowiec-chT op 2013"]
[Site "Poland"]
[Date "2013.12.08"]
[Round "9.1"]
[White "Grzelak, Artur"]
[Black "Zychowicz, Marcin"]
[Result "1/2-1/2"]
[WhiteElo "2214"]
[BlackElo "1661"]
[PlyCount "160"]
[EventDate "2013.09.29"]
[EventType "team-swiss"]
[EventRounds "10"]
[EventCountry "POL"]
[SourceTitle "EXT 2019"]
[Source "ChessBase"]
[SourceDate "2018.10.10"]
[SourceVersion "1"]
[SourceVersionDate "2018.10.10"]
[SourceQuality "1"]

1. d4 Nf6 2. Nf3 c5 3. c3 e6 4. Bf4 Qb6 5. Qc2 cxd4 6. cxd4 Nc6 7. e3 d5 8. Nc3 Bd7 9. Be2 Rc8 10. 0-0 Be7 11. h3 0-0 12. Rfc1 Ne4 13. Qd1 Qxb2 14. Nxe4 dxe4 15. Nd2 Na5 16. Nxe4 Ba4 17. Qf1 Rxc1 18. Rxc1 Bc6 19. Bd3 Qxa2 20. Ra1 Qd5 21. Nc3 Qd8 22. Qb1 h6 23. Nb5 a6 24. Bc7 Qd7 25. Bxa5 Bxb5 26. Bxb5 Qxb5 27. Qxb5 axb5 28. Rb1 b4 29. Bxb4 Bxb4 30. Rxb4 Rb8 31. Kf1 Kf8 32. Ke2 b5 33. Rb2 Ke7 34. Kd3 Kd6 35. Ra2 h5 36. Ra7 Rf8 37. Kc3 g6 38. Kb4 Kc6 39. Ra6+ Kd5 40. Ra5 Ke4 41. Ra3 e5 42. f3+ Kd5 43. dxe5 Kxe5 44. Ra5 Rd8 45. Rxb5+ Ke6 46. Kc3 Rd1 47. Rb2 Ke5 48. Rd2 Rc1+ 49. Kd3 Ra1 50. Ke2 Ra3 51. Rb2 Ke6 52. Kf2 Rc3 53. Rb6+ Ke5 54. h4 Rc2+ 55. Kg3 Re2 56. e4 Re3 57. Rb7 Ke6 58. Kf4 Re2 59. g3 Rg2 60. Ke3 Rxg3 61. Kf2 Rh3 62. Rb6+ Ke7 63. Rb7+ Ke6 64. Rb6+ Ke7 65. Ke3 Rxh4 66. Rb7+ Ke6 67. f4 Rh1 68. Rb6+ Ke7 69. Kd4 Ra1 70. Rb5 Rd1+ 71. Ke3 Rd6 72. f5 Ra6 73. Kf4 gxf5 74. Kxf5 h4 75. Kg4 Re6 76. Kxh4 Rxe4+ 77. Kg5 Re1 78. Rb7+ Kf8 79. Rb4 Kg7 80. Rb7 Re4 1/2-1/2

[Event "Mazowiec-chT op 2013"]
[Site "Poland"]
[Date "2013.12.08"]
[Round "10.13"]
[White "Zychowicz, Marcin"]
[Black "Litwiniec, Miroslawa"]
[Result "1-0"]
[WhiteElo "1661"]
[BlackElo "1820"]
[PlyCount "123"]
[EventDate "2013.09.29"]
[EventType "team-swiss"]
[EventRounds "10"]
[EventCountry "POL"]
[SourceTitle "EXT 2019"]
[Source "ChessBase"]
[SourceDate "2018.10.10"]
[SourceVersion "1"]
[SourceVersionDate "2018.10.10"]
[SourceQuality "1"]

1. e4 e5 2. Nf3 Nc6 3. Bb5 a6 4. Ba4 Bc5 5. 0-0 Nge7 6. Nxe5 Nxe5 7. d4 Nf3+ 8. gxf3 Ba7 9. c4 c6 10. d5 b5 11. Bb3 bxc4 12. Bxc4 cxd5 13. Bxd5 Rb8 14. Bf4 Rb6 15. Kh1 Rg6 16. Nc3 0-0 17. Bb3 Bb7 18. Qd2 Nc6 19. Rg1 Nd4 20. Rxg6 hxg6 21. Kg2 Qf6 22. Bd1 d6 23. Bg5 Qe6 24. Be3 Qf6 25. Bg5 Qe6 26. Be3 Nc6 27. Bxa7 Nxa7 28. Bb3 Qd7 29. Rd1 Bc8 30. Qxd6 Qh3+ 31. Kg1 Qxf3 32. Qg3 Qxg3+ 33. hxg3 Nc6 34. Rd6 Ne7 35. Nd5 Nxd5 36. exd5 Re8 37. Rb6 Kf8 38. d6 Rd8 39. Rb8 Ke8 40. Ba4+ Bd7 41. Bxd7+ Kxd7 42. Rxd8+ Kxd8 43. Kg2 Kd7 44. Kf3 Kxd6 45. Ke4 Kc5 46. Ke5 a5 47. g4 a4 48. b3 a3 49. g5 f6+ 50. Ke4 fxg5 51. f3 Kb4 52. Kd4 Kb5 53. Kc3 Kc5 54. b4+ Kd5 55. Kb3 Kd4 56. Kxa3 Ke3 57. b5 Kxf3 58. b6 g4 59. b7 g3 60. b8Q g2 61. Qb6 g5 62. Qg1 1-0

[Event "Mazowiec-chT op 2013"]
[Site "Poland"]
[Date "2013.10.27"]
[Round "5.21"]
[White "Choroszej, Aleksander"]
[Black "Zychowicz, Marcin"]
[Result "1/2-1/2"]
[WhiteElo "2190"]
[BlackElo "1661"]
[PlyCount "70"]
[EventDate "2013.09.29"]
[EventType "team-swiss"]
[EventRounds "10"]
[EventCountry "POL"]
[SourceTitle "EXT 2019"]
[Source "ChessBase"]
[SourceDate "2018.10.10"]
[SourceVersion "1"]
[SourceVersionDate "2018.10.10"]
[SourceQuality "1"]

1. d4 e6 2. c4 Nf6 3. Nc3 Bb4 4. f3 c5 5. d5 d6 6. e4 0-0 7. Bd3 exd5 8. cxd5 Nbd7 9. Nge2 Ne5 10. Be3 Bd7 11. 0-0 a6 12. a4 Re8 13. h3 h6 14. Bf2 Qc8 15. f4 Nxd3 16. Qxd3 c4 17. Qf3 b5 18. Bh4 Bc5+ 19. Kh2 b4 20. Bxf6 gxf6 21. Nd1 f5 22. e5 Qc7 23. e6 fxe6 24. Qh5 exd5 25. Qg6+ Kf8 26. Qf6+ Kg8 27. Rf3 Kh7 28. Ng3 Be6 29. Nxf5 Bxf5 30. Qxf5+ Kh8 31. Rg3 Rg8 32. Qf6+ Kh7 33. Qf5+ Kh8 34. Qf6+ Kh7 35. Qf5+ Kh8 1/2-1/2

[Event "Mazowiec-chT op 2013"]
[Site "Poland"]
[Date "2013.09.29"]
[Round "2.20"]
[White "Zychowicz, Marcin"]
[Black "Praczukowski, Stanislaw"]
[Result "1-0"]
[WhiteElo "1661"]
[BlackElo "1862"]
[PlyCount "123"]
[EventDate "2013.09.29"]
[EventType "team-swiss"]
[EventRounds "10"]
[EventCountry "POL"]
[SourceTitle "EXT 2019"]
[Source "ChessBase"]
[SourceDate "2018.10.10"]
[SourceVersion "1"]
[SourceVersionDate "2018.10.10"]
[SourceQuality "1"]

1. e4 c5 2. Nf3 d6 3. d4 cxd4 4. Nxd4 Nf6 5. Nc3 a6 6. Be3 e6 7. Be2 Be7 8. f4 0-0 9. g4 d5 10. e5 Nfd7 11. g5 Nc6 12. Qd2 Nb6 13. 0-0-0 Bb4 14. a3 Bxc3 15. Qxc3 Bd7 16. Nxc6 Bxc6 17. Bd4 Rc8 18. Qg3 Qc7 19. Bd3 Bb5 20. f5 Bxd3 21. Qxd3 Nd7 22. Rhe1 Qc4 23. fxe6 fxe6 24. Qxc4 Rxc4 25. b3 Rcc8 26. Rf1 Rxf1 27. Rxf1 Rf8 28. Rxf8+ Kxf8 29. h4 Ke8 30. Kd2 Nb8 31. Kd3 Nc6 32. c4 g6 33. Bc3 Kd7 34. b4 dxc4+ 35. Kxc4 Ne7 36. b5 Nd5 37. Bd2 Kc7 38. bxa6 bxa6 39. Kc5 Kd7 40. a4 Kc7 41. Ba5+ Kd7 42. Be1 Kc7 43. Bd2 Kd7 44. Ba5 Ne3 45. Kb6 Nc4+ 46. Kxa6 Nxe5 47. Kb7 Nd3 48. Bb6 e5 49. a5 Nb4 50. Bc5 Nd3 51. Be3 Nb4 52. a6 Nxa6 53. Kxa6 Kc6 54. Bb6 Kd5 55. Kb5 Ke4 56. Kc4 Kf3 57. Kd5 Kf4 58. Bc7 Kg4 59. Bxe5 Kxh4 60. Bf4 Kg4 61. Ke5 Kh4 62. Bc1 1-0

[Event "Mazowiec-chT 1213"]
[Site "Poland"]
[Date "2013.01.27"]
[Round "5.22"]
[White "Paziewski, Marcin"]
[Black "Zychowicz, Marcin"]
[Result "0-1"]
[WhiteElo "1767"]
[BlackElo "1633"]
[PlyCount "120"]
[EventDate "2013.01.13"]
[EventType "team-tourn"]
[EventRounds "10"]
[EventCountry "POL"]
[SourceTitle "EXT 2019"]
[Source "ChessBase"]
[SourceDate "2018.10.10"]
[SourceVersion "1"]
[SourceVersionDate "2018.10.10"]
[SourceQuality "1"]

1. d4 Nf6 2. c4 e6 3. Nc3 Bb4 4. Qc2 d5 5. a3 Be7 6. e3 0-0 7. Nf3 Nbd7 8. cxd5 exd5 9. Bd3 Re8 10. 0-0 c6 11. b4 Bd6 12. b5 cxb5 13. Nxb5 Bb8 14. Bd2 a6 15. Nc3 Nb6 16. Rfc1 Bg4 17. Na4 Nxa4 18. Qxa4 Ne4 19. Ba5 Qd7 20. Qxd7 Bxd7 21. Bc7 f6 22. Bxe4 Rxe4 23. Nd2 Re8 24. Nb3 Rc8 25. Bb6 Rxc1+ 26. Rxc1 Bd6 27. Bc5 Bc7 28. Bb4 Bd8 29. f3 b6 30. Bd6 Ba4 31. Nd2 Kf7 32. Kf2 Ke6 33. Bg3 Bd7 34. Nb3 Be7 35. Bc7 Bxa3 36. Ra1 Bb4 37. Bxb6 Kd6 38. Bc5+ Bxc5 39. Nxc5 Bb5 40. Ke1 Ra7 41. e4 a5 42. Rxa5 Rxa5 43. Nb7+ Ke6 44. Nxa5 dxe4 45. fxe4 Bd3 46. Nb3 Bxe4 47. Nc5+ Kd5 48. Nxe4 Kxe4 49. Kf2 Kxd4 50. Kf3 Kd3 51. h4 g6 52. Kf4 h5 53. Kf3 Kd4 54. Kf4 Kd3 55. Kf3 Kd2 56. Kf4 Ke2 57. g4 hxg4 58. Kxg4 Ke3 59. Kg3 f5 60. Kg2 Kf4 0-1

[Event "Mazowiec-chT 1112"]
[Site "Poland"]
[Date "2012.02.05"]
[Round "6.11"]
[White "Krasiewicz, Robert"]
[Black "Zychowicz, Marcin"]
[Result "1-0"]
[WhiteElo "2042"]
[BlackElo "1504"]
[PlyCount "45"]
[EventDate "2012.01.08"]
[EventType "team-tourn"]
[EventRounds "10"]
[EventCountry "POL"]
[SourceTitle "EXT 2019"]
[Source "ChessBase"]
[SourceDate "2018.10.10"]
[SourceVersion "1"]
[SourceVersionDate "2018.10.10"]
[SourceQuality "1"]

1. d4 Nf6 2. c4 e6 3. g3 d5 4. Bg2 dxc4 5. Qa4+ Nbd7 6. Nc3 Be7 7. e4 0-0 8. Qxc4 c5 9. e5 Ng4 10. h3 cxd4 11. hxg4 dxc3 12. Qxc3 Qb6 13. a3 f6 14. Nf3 fxe5 15. Qc2 g6 16. 0-0 Bc5 17. Bh6 Rf7 18. Ng5 Re7 19. Be4 Nf8 20. Rac1 Bd4 21. Qe2 Bd7 22. Qf3 Be8 23. Qxf8# 1-0

[Event "Mazowieckie-chT 0506"]
[Site "Poland"]
[Date "2005.11.06"]
[Round "3"]
[White "Hunka, Romuald"]
[Black "Zychowicz, Marcin"]
[Result "1-0"]
[WhiteElo "2200"]
[BlackElo "1800"]
[PlyCount "81"]
[EventDate "2005.10.09"]
[EventType "team-tourn"]
[EventRounds "9"]
[EventCountry "POL"]
[SourceTitle "EXT 2019"]
[Source "ChessBase"]
[SourceDate "2018.10.10"]
[SourceVersion "1"]
[SourceVersionDate "2018.10.10"]
[SourceQuality "1"]

1. Nf3 Nf6 2. g3 g6 3. Bg2 Bg7 4. 0-0 0-0 5. c4 d6 6. Nc3 e5 7. d4 Nbd7 8. b3 exd4 9. Nxd4 Re8 10. Bb2 Nc5 11. Qc2 c6 12. Rad1 Qc7 13. Rfe1 a5 14. Rd2 Be6 15. Red1 Rad8 16. Nxe6 Rxe6 17. Ba3 Na6 18. Qb1 Nb4 19. Bb2 Ree8 20. a3 Na6 21. e3 Qb6 22. Na4 Qxb3 23. Bxf6 Qxb1 24. Rxb1 Bxf6 25. Rxb7 Nc5 26. Nxc5 dxc5 27. Rxd8 Rxd8 28. Bxc6 Bc3 29. Bd5 Rf8 30. Rc7 Rb8 31. Rxc5 Rb1+ 32. Kg2 Ra1 33. Rc7 Rxa3 34. Rxf7 Bb4 35. c5 Rc3 36. c6 Kh8 37. Rd7 a4 38. c7 Ba5 39. Rd8+ Kg7 40. c8Q a3 41. Rg8+ 1-0

[Event "Mazowieckie-chT 0405"]
[Site "Poland"]
[Date "2004.12.05"]
[Round "5"]
[White "Krzyzanowski, Antoni"]
[Black "Zychowicz, Marcin"]
[Result "0-1"]
[WhiteElo "1897"]
[BlackElo "1800"]
[PlyCount "92"]
[EventDate "2004.10.03"]
[EventType "team-tourn"]
[EventRounds "10"]
[EventCountry "POL"]
[SourceTitle "EXT 2019"]
[Source "ChessBase"]
[SourceDate "2018.10.10"]
[SourceVersion "1"]
[SourceVersionDate "2018.10.10"]
[SourceQuality "1"]

1. c4 Nf6 2. g4 Nxg4 3. e4 d6 4. f4 e5 5. Nf3 Nc6 6. Bg2 g6 7. Nc3 Bg7 8. d3 Nd4 9. h4 Bf6 10. h5 Nxf3+ 11. Bxf3 Bh4+ 12. Kf1 Nf2 13. Qe2 Nxh1 14. Bxh1 Bg3 15. fxe5 Bxe5 16. Be3 Qf6+ 17. Bf3 c6 18. Kg2 0-0 19. Rh1 Bf4 20. Bf2 Be6 21. d4 Rae8 22. e5 dxe5 23. Ne4 Qf5 24. Nd6 Qg5+ 25. Kf1 Qe7 26. Ne4 f5 27. Bh4 g5 28. Nxg5 Bxg5 29. Bxg5 Qf7 30. d5 cxd5 31. Rg1 Kh8 32. Qxe5+ Qg7 33. Qd6 f4 34. h6 Bh3+ 35. Bg2 Qxg5 36. Bxh3 Qh4 37. Be6 Qf6 38. cxd5 Qxb2 39. Qc7 Qa1+ 40. Kg2 Rg8+ 41. Bxg8 Rxg8+ 42. Kf3 Rxg1 43. d6 Qd4 44. Qd8+ Rg8 45. Qe7 Rg3+ 46. Ke2 Re3+ 0-1

[Event "Mazowieckie-chT 0405"]
[Site "Poland"]
[Date "2004.11.07"]
[Round "3"]
[White "Zychowicz, Marcin"]
[Black "Przybyla, Kamil"]
[Result "0-1"]
[WhiteElo "1800"]
[BlackElo "1800"]
[PlyCount "148"]
[EventDate "2004.10.03"]
[EventType "team-tourn"]
[EventRounds "10"]
[EventCountry "POL"]
[SourceTitle "EXT 2019"]
[Source "ChessBase"]
[SourceDate "2018.10.10"]
[SourceVersion "1"]
[SourceVersionDate "2018.10.10"]
[SourceQuality "1"]

1. e4 e5 2. Nf3 Nc6 3. Bb5 a6 4. Ba4 Nf6 5. 0-0 Be7 6. Re1 b5 7. Bb3 0-0 8. a4 Bb7 9. d3 b4 10. Nbd2 d6 11. Nc4 Nd7 12. c3 Nc5 13. Bc2 Re8 14. d4 exd4 15. cxd4 Nd7 16. Qd3 Nf8 17. d5 Nb8 18. Nd4 Bf6 19. Bf4 Nbd7 20. Rad1 Nc5 21. Qd2 Ng6 22. Bg3 a5 23. f4 Qd7 24. b3 Bxd4+ 25. Qxd4 Ne7 26. Ne3 c6 27. dxc6 Qxc6 28. Qxd6 Nxe4 29. Bxe4 Qxe4 30. Nd5 Nf5 31. Qd7 Bxd5 32. Rxe4 Bxe4 33. Bf2 Bc2 34. Rd2 Be4 35. Bb6 h6 36. Bxa5 Re7 37. Qb5 Rc8 38. Rd8+ Rxd8 39. Bxd8 Nd4 40. Qb6 Rd7 41. a5 Nxb3 42. Qb8 Rd2 43. Be7+ Kh7 44. Qxb4 Rxg2+ 45. Kf1 Nd2+ 46. Ke1 Nf3+ 47. Kd1 Bd3 48. Kc1 Rg1+ 49. Kb2 Rb1+ 50. Kc3 Rxb4 51. Kxb4 Nxh2 52. Kc5 Kg6 53. Kb6 Kf5 54. Bf8 Kxf4 55. Bd6+ Kf3 56. Bxh2 f5 57. a6 f4 58. a7 Be4 59. Kc5 g5 60. Kd4 Ba8 61. Ke5 Kg2 62. Bxf4 gxf4 63. Kxf4 Kh3 64. Kf5 h5 65. Kf4 h4 66. Ke3 Kg2 67. Kd4 h3 68. Kc5 h2 69. Kb6 h1Q 70. Kc7 Kg3 71. Kb6 Qd5 72. Kc7 Qe6 73. Kb8 Qd7 74. Kxa8 Qc8# 0-1